000 00603cam a2200217 4500
008 090401t1989 xxu||||| |||| 00| 0 eng d
020 _a0745805388
035 _a(Sirsi) u25672
041 _aeng
050 _a690.0285
100 _aAllwood, R.J.
245 _aTechniques and applications of expert systems in the construction industry
260 _aChichester
_bEllis Horwood Limited
_c1989
300 _a137p. ; 24cm.
350 _a29.95
490 _aEllis Horwood Series in Civil Engineering
650 _aBUILDING INDUSTRY
650 _aCOMPUTERS
942 _n0
948 _c04/03/1997
999 _c88778
_d88778